Условия самоочищения речных вод в бассейне озера Поянху; Проблемы геологии и освоения недр; Т. 1

מידע ביבליוגרפי
Parent link:Боев, А. С. (химик ; 1981-). Проблемы геологии и освоения недр=Problems of Geology and Subsurface Development: труды XXVII Международного молодежного научного симпозиума имени академика М.А. Усова, посвященного 160-летию со дня рождения академика В.А. Обручева и 140-летию академика М.А. Усова, основателям Сибирской горно-геологической школы, 3-7 апреля 2023 г., г. Томск/ Национальный исследовательский Томский политехнический университет, Инженерная школа природных ресурсов ; гл. ред. А. С. Боев ; под ред. Е. Ю. Пасечник.— .— Томск: Изд-во ТПУ, 2023
Т. 1.— 2023.— С. 266-267
מחבר ראשי: Чжоу Д.
מחבר תאגידי: Национальный исследовательский Томский политехнический университет Инженерная школа природных ресурсов Отделение геологии
מחברים אחרים: Савичев О. Г. Олег Геннадьевич (научный руководитель)
סיכום:Заглавие с экрана
Текстовый файл
שפה:רוסית
יצא לאור: 2023
סדרה:Геоэкология и геохимия окружающей среды
נושאים:
גישה מקוונת:http://earchive.tpu.ru/handle/11683/77794
פורמט: אלקטרוני Book Chapter
KOHA link:https://koha.lib.tpu.ru/cgi-bin/koha/opac-detail.pl?biblionumber=671684

MARC

LEADER 00000naa2a2200000 4500
001 671684
005 20240401142452.0
090 |a 671684 
100 |a 20240321d2023 k||y0rusy50 ca 
101 0 |a rus 
102 |a RU 
135 |a drcn ---uucaa 
200 1 |a Условия самоочищения речных вод в бассейне озера Поянху  |f Чжоу Д.  |g науч. рук. Савичев О. Г. ; Инженерная школа природных ресурсов НИ ТПУ 
225 1 |a Геоэкология и геохимия окружающей среды 
300 |a Заглавие с экрана 
320 |a Библиография: с. 267 
336 |a Текстовый файл 
461 1 |0 669747  |t Проблемы геологии и освоения недр  |l Problems of Geology and Subsurface Development  |o труды XXVII Международного молодежного научного симпозиума имени академика М.А. Усова, посвященного 160-летию со дня рождения академика В.А. Обручева и 140-летию академика М.А. Усова, основателям Сибирской горно-геологической школы, 3-7 апреля 2023 г., г. Томск  |f Национальный исследовательский Томский политехнический университет, Инженерная школа природных ресурсов ; гл. ред. А. С. Боев ; под ред. Е. Ю. Пасечник  |d 2023  |9 669747  |a Боев, А. С. (химик ; 1981-)  |c Томск  |n Изд-во ТПУ 
463 1 |0 669758  |t Т. 1  |v С. 266-267  |d 2023  |9 669758  |p 1 файл (13,2 MB, 277 с.)  |u conference_tpu-2023-C11_V1.pdf 
610 1 |a труды учёных ТПУ 
610 1 |a электронный ресурс 
610 1 |a самоочищение 
610 1 |a речные воды 
610 1 |a озеро 
610 1 |a Поянху 
700 1 |a Чжоу  |b Д. 
702 1 |a Савичев  |b О. Г.  |c геолог  |c профессор Томского политехнического университета, доктор географических наук  |f 1967-  |g Олег Геннадьевич  |4 727 
712 0 2 |a Национальный исследовательский Томский политехнический университет  |b Инженерная школа природных ресурсов  |b Отделение геологии  |3 (RuTPU)RU\TPU\col\23542  |9 28339 
801 0 |a RU  |b 63413507  |c 20240321  |g RCR 
850 |a 63413507 
856 4 |u http://earchive.tpu.ru/handle/11683/77794  |z http://earchive.tpu.ru/handle/11683/77794 
942 |c CF